000
00377 a2200145 4500
245
_a
Mikhail Lermontov
_b
: Selected works
_h
Text
100
_a
Lermontov, Mikhail I͡Urʹevich
650
_a
POETRY
650
_a
ENGLISH LITERATURE
005
20191021095259.0
260
_a
Russia
_b
Progress
_c
1976
084
_a
NONE
999
_c
12043
_d
12043